<?xml version="1.0" encoding="UTF-8"?>
<record
    xmlns:xsi="http://www.w3.org/2001/XMLSchema-instance"
    xsi:schemaLocation="http://www.loc.gov/MARC21/slim http://www.loc.gov/standards/marcxml/schema/MARC21slim.xsd"
    xmlns="http://www.loc.gov/MARC21/slim">

  <leader>00678nam a2200145Ia 4500</leader>
  <controlfield tag="001">2837</controlfield>
  <controlfield tag="008">241024s9999    xx            000 0 und d</controlfield>
  <datafield tag="082" ind1=" " ind2=" ">
    <subfield code="a">RD/370.71/R426s/2-3</subfield>
  </datafield>
  <datafield tag="100" ind1=" " ind2=" ">
    <subfield code="a">Rep&#xFA;blica Dominicana. Ministerio de Educaci&#xF3;n. INAFOCAM</subfield>
  </datafield>
  <datafield tag="245" ind1=" " ind2="0">
    <subfield code="a">Situaci&#xF3;n Actual del Personal Docente, Necesidades y Prioridades de Formaci&#xF3;n: Brechas de Formaci&#xF3;n Actual en el Sistema Educativo. Productos 2 y3. Proyecto Determinaci&#xF3;n y Priorizaci&#xF3;n de Necesidades de Formaci&#xF3;n Docente por Nivel Ciclo, &#xC1;rea Disciplinaria y Zonas Geogr&#xE1;ficas: Visi&#xF3;n Perspectiva al 2021</subfield>
  </datafield>
  <datafield tag="260" ind1=" " ind2=" ">
    <subfield code="b">Santo Domingo</subfield>
    <subfield code="c">2012</subfield>
  </datafield>
  <datafield tag="590" ind1=" " ind2=" ">
    <subfield code="a">si</subfield>
  </datafield>
  <datafield tag="901" ind1=" " ind2=" ">
    <subfield code="a">4/4/2013 4:04:04 p.m.</subfield>
  </datafield>
  <datafield tag="999" ind1=" " ind2=" ">
    <subfield code="c">9193</subfield>
    <subfield code="d">9193</subfield>
  </datafield>
</record>
